[Event "Padova op-A 16th"]
[Site "Padova"]
[Date "2013.12.17"]
[Round "4.20"]
[White "Quaranta, Cristiano"]
[Black "Rosina, Graziano"]
[Result "1/2-1/2"]
[WhiteElo "2169"]
[BlackElo "1811"]
[PlyCount "171"]
[EventDate "2013.12.15"]
[EventType "swiss"]
[EventRounds "9"]
[EventCountry "ITA"]
[SourceTitle "EXT 2024"]
[Source "ChessBase"]
[SourceDate "2023.10.10"]
[SourceVersion "1"]
[SourceVersionDate "2023.10.10"]
[SourceQuality "1"]

1. Nf3 Nf6 2. c4 c5 3. g3 Nc6 4. Nc3 d5 5. cxd5 Nxd5 6. Nxd5 Qxd5 7. Bg2 Qd6 8. d3 e5 9. 0-0 Be7 10. b3 0-0 11. Bb2 f5 12. Nd2 Bf6 13. Nc4 Qe7 14. Ne3 Be6 15. Nd5 Qd6 16. Nxf6+ gxf6 17. Rc1 Rac8 18. f4 b6 19. Qd2 e4 20. Rfd1 exd3 21. Qxd3 Qxd3 22. Rxd3 Kf7 23. Bc3 Nb4 24. Rd2 Rfd8 25. Rxd8 Rxd8 26. Bxb4 cxb4 27. Rc7+ Rd7 28. Rxd7+ Bxd7 29. Kf2 Ke6 30. Ke3 Kd6 31. Kd4 Be6 32. e3 a5 33. Bf1 h6 34. Bb5 Bc8 35. h3 Bb7 36. Bd3 Bc8 37. Be2 Bb7 38. Bd3 Bc8 39. Bf1 Bb7 40. g4 fxg4 41. hxg4 Bc8 42. Be2 Be6 43. e4 Bd7 44. e5+ fxe5+ 45. fxe5+ Ke7 46. Kd5 a4 47. Bd1 axb3 48. axb3 Bb5 49. Bc2 Be2 50. Bf5 Bb5 51. Bc8 Be2 52. Kd4 Kf7 53. Bf5 Ke7 54. Kd5 Bb5 55. Ke4 Be2 56. Kd4 Bb5 57. Ke3 Bc6 58. Kd4 Bb5 59. Ke3 Bc6 60. Be4 Bd7 61. Kf4 Be6 62. Bc2 Bd5 63. Bd1 Ke6 64. Bc2 Ke7 65. Ke3 Be6 66. Kf3 Bd5+ 67. Kf4 Kf7 68. Kf5 Be6+ 69. Kf4 Bd5 70. g5 hxg5+ 71. Kxg5 Be6 72. Kf4 Ke7 73. Kg5 Bd5 74. Kf4 Ke6 75. Bd1 Ke7 76. Ke3 Be6 77. Kd4 Kd7 78. Bc2 Kc7 79. Bd1 Kd7 80. Kd3 Kc6 81. Bf3+ Kc5 82. Kc2 Kd4 83. Kb2 Kxe5 84. Bd1 Kd4 85. Bh5 Kd3 86. Bg6+ 1/2-1/2